000 00507cam a2200193ua 4500
001 9471
008 150929n ii |||gr||||Z||||||asm
040 _cMAIN
041 _aasm
082 _a891.4514
100 _aSarma, Hemanta Kumar,
_eAuthor.
245 1 _aAsamiya sahityat dristipat
_cby Hemanta Kumar Sarma
250 _a4th ed.
260 _aKokrajhar:
_bBina library,
_c1984.
300 _a363p.
653 _aEast Indo-European & Celtic literatures
653 _aAssamese literature
942 _cBK
999 _c8519
_d8519